Loading...
| Literature - World | 2 | 3 | 0 | 0 | 60 | 75 | 109.40 | 2 | 5 | 0.00 | 0.00 |
| Literature - American | 0 | 6 | 1 | 0 | 55 | 111 | 129.67 | 1 | 5 | 0.00 | 0.00 |
| Literature - European | 0 | 5 | 0 | 1 | 50 | 93 | 123.00 | 2 | 5 | 0.00 | 0.00 |
| Other Academic | 2 | 0 | 0 | 0 | 30 | 32 | 42.50 | 1 | 2 | 0.00 | 0.00 |
| Science - Biology | 1 | 2 | 1 | 1 | 30 | 51 | 96.33 | 2 | 2 | 0.00 | 0.00 |
| Current Events | 0 | 1 | 0 | 0 | 10 | 98 | 98.00 | 0 | 0 | 0.00 | 0.00 |
| Fine Arts - Visual | 0 | 1 | 0 | 0 | 10 | 119 | 119.00 | 1 | 1 | 0.00 | 0.00 |
| History - American | 0 | 1 | 0 | 1 | 10 | 137 | 137.00 | 0 | 0 | 0.00 | 0.00 |
| Mythology | 0 | 1 | 0 | 0 | 10 | 124 | 124.00 | 1 | 1 | 0.00 | 0.00 |
| Literature - British | 0 | 1 | 1 | 1 | 5 | 151 | 151.00 | 0 | 1 | 0.00 | 0.00 |
| Social Science | 0 | 0 | 1 | 0 | -5 | 0.00 | 0 | 0 | 0.00 | 0.00 | |
| Geography | 0 | 0 | 1 | 0 | -5 | 0.00 | 0 | 0 | 0.00 | 0.00 | |
| History - World | 0 | 0 | 1 | 0 | -5 | 0.00 | 0 | 0 | 0.00 | 0.00 | |
| Fine Arts - Auditory | 0 | 0 | 1 | 0 | -5 | 0.00 | 0 | 0 | 0.00 | 0.00 | |
| Science - Chemistry | 0 | 0 | 1 | 0 | -5 | 0.00 | 0 | 0 | 0.00 | 0.00 | |
| Philosophy | 0 | 0 | 1 | 0 | -5 | 0.00 | 0 | 0 | 0.00 | 0.00 |